00903nam a2200253 a 450000100060000000300080000600500170001400800410003103500190007204000320009104100080012308200280013110000540015924500830021326000290029630000230032550000720034865000130042065000700043365000570050365000240056065000310058465000340061523192BD-RjUL20211209000913.0180930s1931 enk 000 0 eng  a(BD-RjUL)23257 aDLCcNBCdDLCdBD-RjULbeng aeng 223a296.09015bBIR 19311 aBindley, T. Herbertq(Thomas Herbert),d1861-193110aReligious thought in Palestine in the time of Christ /cby T. Herbert Bindley. aLondon :bMethuen,c1931 axi, 175 p.c20 cm. a"Some of the more important books quoted or referred to" : p. ix-x. 0aJudaism. 0aApocryphal books (Old Testament)xCriticism, interpretation, etc. 0aBible.xApocrypha xCriticism, interpretation, etc.  0aJewsxCivilization. 0aReligious thoughtyTo 600. 0aReligious thoughtzPalestine.